00546 2200193 4500001002100000008004100021035002000062245008200082100002200164260003000186300001300216020002200229084001400251082000800265650002200273990001800295990002000313990001900333INLIS000000000000877 ind  a0010-0724000877 aBencana Alam Dan Masa Depan BumibAlam Dan Masa Depan BumicHerlina rahmawati aHerlina rahmawati aJakarta :bPT Percac2008 a112 hlm. a978-602-8219-69-3 a550 HER B a550 aIlmu tentang Bumi aP29/CP/24/877 aP29/CP/24/877.1 aP29/CP/24/87.2